Movies Quiz

Random Movies or Actor Quiz

Movie Surnames Quiz Stats

 Plays Quiz Updated Dec 7, 2012

Also try: My Good Name...
Challenge
Share
Tweet
Embed
Score 0/24 Timer 04:00
3 Plays Today
First Name Surname % Correct
RockyBalboa
85.2%
GaylordFocker
83.8%
MartyMcFly
83.3%
NormanBates
76.3%
VitoCorleone
76%
ScarlettO'Hara
72.3%
SarahConnor
71.2%
FreddyKrueger
69.8%
GordonGekko
59.9%
TylerDurden
56%
ClariceStarling
53.5%
DannyZuko
52.5%
First Name Surname % Correct
WillTurner
52.4%
JohnMcClane
51.4%
AxelFoley
50.4%
EllenRipley
45%
Peter Venkman
40.8%
TravisBickle
40.5%
KevinMcCallister
37.1%
JakeSully
30.8%
JackTorrance
30.5%
MartinRiggs
26.9%
RickBlaine
25.7%
AlexForrest
5.4%

You're not logged in!

Compare scores with friends on all Sporcle quizzes.
Join for Free
OR
Log In

You Might Also Like...

Show Comments

Extras

Top Quizzes Today


Score Distribution

Your Account Isn't Verified!

In order to create a playlist on Sporcle, you need to verify the email address you used during registration. Go to your Sporcle Settings to finish the process.

Report this User

Report this user for behavior that violates our Community Guidelines.

Details: